Statistics for Victoria 2 'Non Westernized' Nations

Click here to take the quiz!

General Stats

  • This quiz has been taken 65 times
  • The average score is 25 of 63

Answer Stats

Answer% Correct
Egypt
86%
Japan
86%
Sokoto
82%
The Chinese Empire
82%
Ethiopia
76%
Korea
75%
Oman
71%
Tunis
71%
Algeria
69%
Persia
69%
Zulu
67%
Siam
65%
Yemen
65%
Afghanistan
63%
Burma
59%
Nepal
55%
Tibet
55%
Bhutan
53%
Nejd
53%
Tripoli
53%
Cambodia
51%
Luang Prabang
49%
Bukhara
47%
Khiva
47%
Mongolia
45%
Sikkim
45%
Dai Nam
43%
Brunei
41%
Liberia
41%
Abu Dhabi
37%
Hawaii
35%
Hejaz
35%
Madagascar
35%
Manchuria
35%
Morocco
35%
Sindh
35%
Guangxi
33%
Hyderabad
33%
Kokand
33%
Mysore
31%
Panjab
29%
Bali
27%
Yunan
27%
Johore
25%
Orissa
25%
Qinghai
24%
Kalat
22%
Travancore
22%
Xinjiang
22%
Makran
20%
Atjeh
18%
Mewar
16%
Gwalior
14%
Nagpur
14%
Awadh
12%
Bhopal
12%
Jaipur
12%
Jaisalmer
12%
Beroda
10%
Bundelkhand
10%
Indore
10%
Jodhpur
10%
Bastar
6%

Score Distribution

Percentile by Number Answered

Percent of People with Each Score

Your Score History

You have not taken this quiz